MARC

LEADER 00000nam0a2200000 4500
001 154312
005 20231031151836.0
035 |a (RuTPU)RU\TPU\book\167381 
090 |a 154312 
100 |a 20090225d1967 m y0rusy50 ca 
101 0 |a rus 
102 |a RU 
105 |a af z 001zb 
200 1 |a Музей М. В. Ломоносова в Ленинграде  |f Академия наук СССР (АН СССР), Институт истории естествознания и техники (ИИЕТ АН СССР) ; под общей ред. В. Л. Ченакала 
205 |a 2-е изд., доп. 
210 |a Ленинград  |c Наука  |d 1967 
215 |a 74 с.  |c ил. 
320 |a Краткий перечень основных изданий сочинений Ломоносова и литературы о нем: с. 72-74. 
600 1 |a Ломоносов  |g Михаил Васильевич  |b М. В.  |c ученый-естествоиспытатель, поэт, историк, художник, деятель просвещения, науки и экономики  |f 1711-1765  |2 stltpush  |3 (RuTPU)RU\TPU\pers\975 
610 1 |a история науки 
610 1 |a наука 
610 1 |a Россия 
610 1 |a 18 век 
610 1 |a химия 
610 1 |a физика 
610 1 |a геология 
610 1 |a минералогия 
610 1 |a кристаллография 
610 1 |a география 
610 1 |a литература 
610 1 |a языкознание 
610 1 |a история 
610 1 |a экономика 
610 1 |a просвещение 
610 1 |a астрономия 
675 |a 001(092)  |v 3 
702 1 |a Ченакал  |b В. Л.  |4 340 
712 0 2 |a Академия наук СССР (АН СССР)  |b Институт истории естествознания и техники (ИИЕТ АН СССР)  |c (Москва)  |2 stltpush  |3 (RuTPU)RU\TPU\col\8662 
801 1 |a RU  |b 63413507  |c 20090225  |g PSBO 
801 2 |a RU  |b 63413507  |c 20090225  |g PSBO 
942 |c BK